banner-ar

صيانة و اصلاح اعطال شاشة البلورة السائلة فى الحاسب و التليفزيون =LCD Monitor Trroubleshooting & Repair / (Record no. 61404)

MARC details
000 -الفاتح
حقل البيانات ثابتة الطول 00978nam a22002297a 4500
005 - وقت وتاريخ اخر تعامل مع التسجيلة
رقم الضبط 20240530110458.0
008 - عناصر البيانات ثابتة الطول - معلومات عامة
حقل البيانات ثابتة الطول 150615s2010 ua ao f 000 0 ara d
017 ## - رقم الايداع القانونى
رقم الايداع القانونى 2010/8459
المصدر ( الهيئة المختصة) مصر . دار الكتب المصرية
020 ## - الرقم الدولى المعيارى للكتب
الرقم الدولى المعيارى للكتاب 9789772879507
040 ## - مصدر الفهرسة
وكالة الفهرسة الأصلية EG-CaGPL
082 04 - رقم تصنيف ديوى العشرى
رقم الطبعة 21
رقم التصنيف 621.38152\
رقم المادة ع ص
100 0# - المدخل الرئيسى - إسم شخصى
الإسم الشخصى عبدالحميد بسيونى
245 10 - بيان العنوان
العنوان صيانة و اصلاح اعطال شاشة البلورة السائلة فى الحاسب و التليفزيون =LCD Monitor Trroubleshooting & Repair /
بيان المسئوليه,etc عبدالحميد بسيونى
250 ## - بيان الطبعة
بيان الطبعة ط1
260 ## - PUBLICATION, DISTRIBUTION, ETC. (IMPRINT)
تاريخ النشر أو التوزيع 2010 .
300 ## - الوصف المادى
التعداد 272 ص :
تفاصيل ماديه اخرى للوعاء صور ؛
أبعاد الوعاء 24 سم .
650 04 - المدخل الاضافى بالموضوع-مصطلح موضوعى
مصطلح موضوعي التليفزيون
التقسيم الفرعي العام صيانة
650 04 - المدخل الاضافى بالموضوع-مصطلح موضوعى
مصطلح موضوعي الحاسبات الالكترونية
التقسيم الفرعي العام صيانة
650 04 - المدخل الاضافى بالموضوع-مصطلح موضوعى
مصطلح موضوعي الهندسة الالكترونية
942 ## - عناصر المدخل الإضافي( كوها)
مصدر التصنيف او مخطط الترفيف Dewey Decimal Classification
Koha [default] item type كتاب
260 ## - PUBLICATION, DISTRIBUTION, ETC. (IMPRINT)
-- القاهرة :
-- دار الكتب العلمية للنشر و التوزيع ،
Holdings
حالة التراجع حالة الفقد حالة تلف ليس للاعارة المكان المؤقت الموقع الحالى تاريخ الاكتساب اجمالي اﻻعارات رقم الطلب الباركود تاريخ اخر مشاهدة تاريخ تفعيل السعر نوع وعاء كوها
        مكتبة القاهرة الكبرى مكتبة القاهرة الكبرى 06/15/2015   621.38152\ ع ص 160697 06/15/2015 06/15/2015 كتاب

Powered By

EGPV